Five in One Quiz Stats

 Plays Quiz Updated Jan 9, 2017

Support Sporcle.
Go Orange.
Score 0/32 Timer 01:00
8 Plays Today
% Correct
Red
97.1%
Blue
95.5%
Yellow
95.4%
Green
95%
Violet
93.3%
Orange
93%
Indigo
77.1%
English
70.7%
Lake Erie
70.2%
Lake Michigan
69.1%
Sleepy
67.4%
Greed
61.6%
Doc
60.5%
Lake Superior
60.2%
Dopey
60%
French
59.5%
% Correct
Lust
58.9%
Spanish
55.9%
Grumpy
55.6%
Lake Ontario
55%
Lake Huron
54.1%
Happy
49.6%
Gluttony
49.1%
Sneezy
49%
Sloth
48.4%
Envy
44.1%
Chinese
42.9%
Bashful
36.8%
Wrath
32.6%
Pride
30.5%
Russian
26.8%
Arabic
19.2%

From the Vault

Pokémon (Gen VII)

by SparknightSyzygy

Gaming 8m
They're just getting harder and harder to spell.
Remove Ads.
Support Sporcle.
Get the best of Sporcle when you Go Orange. This ad-free experience offers more features, more stats, and more fun while also helping to support Sporcle. Thank you for becoming a member.

Show Comments

Extras

Top Quizzes Today


Score Distribution

Your Account Isn't Verified!

In order to create a playlist on Sporcle, you need to verify the email address you used during registration. Go to your Sporcle Settings to finish the process.

Report this User

Report this user for behavior that violates our Community Guidelines.

Details: